|
|
|
|
| LEADER |
00000cam a2200000 7i4500 |
| 001 |
0000002995 |
| 005 |
20040330.0 |
| 090 |
0 |
0 |
|a RP 338.1749
|b LIM 1994
|
| 100 |
1 |
0 |
|a LIM
|h Hin Fui
|
| 245 |
1 |
4 |
|a The uses of non-timber forest products in Pasoh Forest Reserve, Malaysia
|c Lim Hin Fui & Jamaludin Ismail
|
| 260 |
0 |
0 |
|a Kuala Lumpur :
|b Forest Research Institute Malaysia ,
|c 1994
|
| 300 |
|
|
|a iv, 132 p. :
|b maps ;
|c 31 cm.
|
| 440 |
0 |
0 |
|a Research pamphlet ; no. 113
|
| 500 |
0 |
0 |
|a Includes bibliographical references : (p. 131-132)
|
| 650 |
0 |
0 |
|a Non-timber forest products
|z Malaysia
|z Pasoh Forest Reserve (Negeri Sembilan)
|
| 700 |
0 |
1 |
|a Jamaludin Ismail
|
| 710 |
1 |
1 |
|a Institut Penyelidikan Perhutanan Malaysia (FRIM)
|
| 998 |
|
|
|a JPSM
|
| 999 |
|
|
|a 0000005276
|b Monograph
|c Open Shelf
|e Default branch
|
| 999 |
|
|
|a 0000005277
|b Monograph
|c Open Shelf
|e Default branch
|
| 999 |
|
|
|a 0000005278
|b Monograph
|c Open Shelf
|e Default branch
|